Clubs Ligue 1 ayant détenu le bâton de Bourbotte en fin de saison - Statistiques

Statistiques générales
  • Ce quiz a été pris 44 fois
  • Le résultat moyen est 23 sur 31
Statistiques - réponses
Club Nombre de victoires Années % Correct
Paris 6 1981, 1983, 2012, 2013, 2014, 2020
100%
Marseille 7 1953, 1970, 1976, 1992, 2009, 2015, 2025
98%
Lyon 5 1990, 1991, 2001, 2010, 2016
95%
Lens 4 1959, 1998, 2000, 2023
93%
Lille 5 1949, 1952, 1954, 1986, 2008
93%
Bordeaux 2 1950, 1984
88%
Metz 1 1975
88%
Rennes 3 1948, 2002, 2018
88%
Monaco 8 1956, 1967, 1985, 1989, 1997, 2007, 2017, 2022
86%
Nantes 2 1965, 1980
86%
Nice 2 1966, 2006
86%
Saint-Etienne 4 1955, 1974, 1977, 1988
86%
Strasbourg 2 1978, 2019
83%
Toulouse 1 2011
83%
Auxerre 2 1993, 1996
81%
Montpellier 2 1999, 2021
81%
Sochaux 2 1968, 1973
81%
Brest 1 2024
79%
Reims 4 1951, 1958, 1963, 1972
79%
Angers 2 1960, 1962
71%
Nancy 2 1979, 1982
69%
Guingamp 1 2003
67%
Ajaccio 2 2004, 2005
62%
Bastia 1 1969
62%
Nimes 1 1971
62%
Valenciennes 1 1957
60%
Sedan 1 1964
45%
Cannes 2 1947, 1994
43%
Rouen 1 1961
38%
Toulon 1 1987
29%
Martigues 1 1995
17%
Aucun quiz correspondant
Distribution des résultats
% des personnes avec chaque résultat
Percentile par nombre de réponses
Votre historique - résultats
Vous n’avez pas pris ce quiz